[Event "World Blitz 2015"]
[Site "Berlin GER"]
[Date "2015.10.14"]
[Round "16.70"]
[White "Godena, Michele"]
[Black "Ladva, Ottomar"]
[Result "1-0"]
[WhiteTitle "GM"]
[BlackTitle "IM"]
[WhiteElo "2513"]
[BlackElo "2423"]
[WhiteFideId "800090"]
[BlackFideId "4500024"]
[EventDate "2015.10.13"]

1. e4 c5 2. c3 d5 3. exd5 Qxd5 4. Nf3 Nf6 5. Na3 e6 6. d4 Nc6 7. Be3 cxd4 8. Nb5
Qd8 9. Nbxd4 Nd5 10. Bd2 Nxd4 11. Nxd4 Be7 12. Bd3 Bf6 13. O-O O-O 14. Qh5 g6
15. Qf3 b6 16. Nc6 Qc7 17. Be4 Bg7 18. c4 Qxc6 19. cxd5 Qd6 20. dxe6 Bxe6 21.
Bf4 Qd8 22. Rad1 Qc8 23. Bxa8 Qxa8 24. Qxa8 Rxa8 25. b3 a5 26. Rd6 b5 27. Rfd1
Bf6 28. Rb6 b4 29. Rb8+ Rxb8 30. Bxb8 a4 31. Bd6 axb3 32. axb3 Bc3 33. Bc5 Bxb3
34. Rd8+ Kg7 35. Rb8 Be6 36. Bxb4 Be5 37. Ra8 h5 38. h3 g5 39. Ra5 Bf6 40. Ra3
Kg6 41. Bc3 Be7 42. Ra7 Bc5 43. Ra6 Be7 44. Rb6 Bc5 45. Rb5 Be7 46. Bd2 Bc4 47.
Re5 Be6 48. Ra5 Bf6 49. Kf1 g4 50. hxg4 hxg4 51. g3 Bc4+ 52. Kg1 Be6 53. Ra4 Bf5
54. Rc4 Be6 55. Rc5 Be7 56. Ra5 Bd8 57. Ra8 Bf6 58. Rg8+ Kf5 59. Bf4 Ke4 60. Kg2
Bf5 61. Re8+ Be6 62. Rg8 Bd7 63. Rf8 Be6 64. Rg8 Bd7 65. Rb8 Kf5 66. Rg8 Bc6+
67. Kh2 Bd7 68. Be3 Be6 69. Kg1 Bd5 70. Kf1 Bc4+ 71. Ke1 Bc3+ 72. Kd1 Bf6 73.
Kd2 Be6 74. Rb8 Ke4 75. Rb4+ Kd5 76. Kd3 Bf5+ 77. Ke2 Be4 78. Rb6 Bf3+ 79. Kd3
Be4+ 80. Ke2 Be7 81. Rb7 Ke6 82. Rb6+ Kf5 83. Kd2 Bd8 84. Ra6 Be7 85. Bd4 Bg5+
86. Kc3 Bd5 87. Ra5 Ke4 88. Ra4 Kf3 89. Bc5 f5 90. Kd3 Be4+ 91. Kc3 Ke2 92. Ra2+
Kf3 93. Ra3 Ke2 94. Kc4 Bf6 95. Be3 Be5 96. Ra2+ Kf3 97. Ra3 Ke2 98. Bd4 Bd6 99.
Re3+ Kf1 100. Kc3 Kg2 101. Kd2 Be7 102. Rb3 Bg5+ 103. Ke1 Be7 104. Be3 Bd8 105.
Ra3 Be7 106. Rb3 Bd8 107. Rb5 Bf6 108. Ke2 Bf3+ 109. Kd3 Be4+ 110. Kd2 Bd8 111.
Rb3 Ba5+ 112. Ke2 Bf3+ 113. Kd3 Be4+ 114. Kd4 Bc7 115. Rc3 Bd6 116. Rc1 Kf3 117.
Ra1 Be7 118. Ke5 Bf8 119. Ra6 Bg7+ 120. Ke6 Bf8 121. Ra7 Bd3 122. Rd7 Bc2 123.
Rd2 Be4 124. Rb2 Ba3 125. Rb3 Bf8 126. Bc5+ Kg2 127. Bxf8 Kxf2 128. Bd6 Kg2 129.
Ke5 Kf2 1-0

[Event "World Blitz 2015"]
[Site "Berlin GER"]
[Date "2015.10.14"]
[Round "16.71"]
[White "Pham, Le Thao Nguyen"]
[Black "Mikhalevski, Victor"]
[Result "1-0"]
[WhiteTitle "IM"]
[BlackTitle "GM"]
[WhiteElo "2319"]
[BlackElo "2536"]
[WhiteFideId "12401226"]
[BlackFideId "2801914"]
[EventDate "2015.10.13"]

1. d4 Nf6 2. Nf3 g6 3. Bf4 Bg7 4. e3 O-O 5. Be2 d6 6. h3 b6 7. O-O Bb7 8. c4 e6
9. Nc3 Qe7 10. Bh2 Nbd7 11. Qc2 Rfe8 12. Rfd1 e5 13. Rac1 exd4 14. Nxd4 Nc5 15.
Bf1 Nce4 16. Nxe4 Nxe4 17. Nb5 a6 18. Nd4 h5 19. Re1 Rab8 20. Rcd1 Red8 21. Be2
c5 22. Nf3 Bc6 23. Nd2 Ng5 24. Bf4 b5 25. cxb5 axb5 26. a3 Ba8 27. Bf1 Ne6 28.
Bh2 Rb6 29. Nb1 b4 30. axb4 Rxb4 31. Nc3 d5 32. Rd2 Qb7 33. Red1 d4 34. Na2 Rb6
35. Nc1 Rc8 36. exd4 Bxd4 37. Nd3 Ng5 38. Nf4 Rxb2 39. Qc4 Rxd2 40. Rxd2 Kh7 41.
Re2 Rf8 42. h4 Ne4 43. Nd3 Nc3 44. Rb2 Qe4 45. Rc2 Bd5 46. Qa6 c4 47. Nb4 Be6
48. Qa3 Nd1 49. Qc1 Nxf2 50. Rxf2 Qxh4 51. Qd2 Ra8 52. Bf4 Ra1 53. Qxd4 c3 54.
Nc2 Ra2 55. Be3 Qxd4 56. Bxd4 Bf5 57. Nb4 Ra4 58. Bxc3 Ra3 59. Bb2 Rb3 60. Nd5
Be6 61. Nf4 Bf5 62. Nh3 Kg8 63. Ng5 Rb4 64. Nf3 Bg4 65. Ne5 Bf5 66. Bd3 Be6 67.
Nc6 Rb3 68. Bb1 Kh7 69. Ba2 Rb6 70. Bxe6 fxe6 71. Ne5 g5 72. Bd4 Rb4 73. Nc6 Rc4
74. Rf7+ Kg8 75. Rg7+ Kf8 76. Rc7 h4 77. Be5 g4 78. Nd4 Ra4 79. Nxe6+ Ke8 80.
Ng7+ Kd8 81. Ne6+ Ke8 82. Bd6 Ra1+ 83. Kf2 g3+ 84. Kf3 Rf1+ 85. Kg4 Rf7 86. Rxf7
Kxf7 87. Ng5+ 1-0

[Event "World Blitz 2015"]
[Site "Berlin GER"]
[Date "2015.10.14"]
[Round "16.72"]
[White "Olafsson, Helgi"]
[Black "Van Foreest, Jorden"]
[Result "0-1"]
[WhiteTitle "GM"]
[BlackTitle "IM"]
[WhiteElo "2549"]
[BlackElo "2548"]
[WhiteFideId "2300010"]
[BlackFideId "1039784"]
[EventDate "2015.10.13"]

1. Nf3 d5 2. d4 Nf6 3. c4 c6 4. e3 Bg4 5. Qb3 Qc7 6. Nc3 e6 7. Nh4 Bh5 8. h3
Nbd7 9. g4 Bg6 10. Bd2 Ne4 11. Nxg6 Nxd2 12. Kxd2 hxg6 13. Bg2 Qb6 14. Rab1 Be7
15. Rhc1 g5 16. Qxb6 axb6 17. b3 Bb4 18. a4 dxc4 19. bxc4 Rxa4 20. Ke2 Bxc3 21.
Rxc3 Ke7 22. Rcb3 Rxc4 23. Ra1 Rc2+ 24. Kf1 b5 25. Ra7 Rb8 26. e4 Kd6 27. Rf3 f6
28. h4 gxh4 29. g5 c5 30. e5+ fxe5 31. dxc5+ Nxc5 32. Rf7 e4 33. Ra1 b4 34. Rd1+
Kc6 35. Rxg7 Rf8 36. Kg1 Rfxf2 37. Bh1 h3 38. Rh7 h2+ 0-1

[Event "World Blitz 2015"]
[Site "Berlin GER"]
[Date "2015.10.14"]
[Round "16.73"]
[White "Przybylski, Wojciech"]
[Black "Sumets, Andrey"]
[Result "0-1"]
[WhiteTitle "FM"]
[BlackTitle "GM"]
[WhiteElo "2354"]
[BlackElo "2583"]
[WhiteFideId "1117599"]
[BlackFideId "14105500"]
[EventDate "2015.10.13"]

1. e4 e6 2. d4 d5 3. Nc3 Nf6 4. Bg5 dxe4 5. Nxe4 Nbd7 6. Nf3 h6 7. Nxf6+ Nxf6 8.
Bh4 c5 9. dxc5 Bxc5 10. Qxd8+ Kxd8 11. Bd3 Ke7 12. O-O g5 13. Bg3 b6 14. Rfe1
Bb7 15. Nd2 Rad8 16. a3 h5 17. h3 Bd4 18. Rab1 h4 19. Be5 Rhg8 20. Bxd4 Rxd4 21.
Nb3 Rd6 22. f3 Nh5 23. Kf2 Nf4 24. Be4 Bxe4 25. Rxe4 Rc8 26. c3 Kf6 27. Kf1 Rcd8
28. Rbe1 Rd1 29. Nd4 Rxe1+ 30. Rxe1 Rd6 31. Re3 e5 32. Nb3 Rd1+ 33. Kf2 Rb1 34.
c4 Rxb2+ 35. Kf1 Rxg2 36. c5 Rc2 37. cxb6 axb6 38. a4 Nxh3 39. Rd3 Ke7 40. Nd2
Nf4 41. Re3 Rxd2 42. Rxe5+ Kf6 43. Rb5 Rd6 44. Kg1 h3 45. Kh2 Kg6 46. Kg3 f6 47.
a5 bxa5 48. Rxa5 Rd2 0-1

[Event "World Blitz 2015"]
[Site "Berlin GER"]
[Date "2015.10.14"]
[Round "16.74"]
[White "Svane, Rasmus"]
[Black "Romanov, Evgeny"]
[Result "0-1"]
[WhiteTitle "IM"]
[BlackTitle "GM"]
[WhiteElo "2543"]
[BlackElo "2573"]
[WhiteFideId "4657101"]
[BlackFideId "4148843"]
[EventDate "2015.10.13"]

1. d4 Nf6 2. c4 e6 3. Nc3 Bb4 4. Qc2 O-O 5. Nf3 c5 6. dxc5 Na6 7. g3 Nxc5 8. Bg2
b6 9. O-O Bxc3 10. Qxc3 Bb7 11. Qd4 d5 12. Bg5 dxc4 13. Qxc4 Rc8 14. Rfd1 Qe7
15. Qh4 Nce4 16. Bxf6 Nxf6 17. Rac1 h6 18. Qa4 Bd5 19. Ne5 Bxg2 20. Kxg2 Qb7+
21. Kg1 b5 22. Qf4 Rxc1 23. Rxc1 Rd8 24. b3 Nd5 25. Qf3 b4 26. Nc6 Rd7 27. Rc4
Rc7 28. Ne5 a5 29. Kg2 f6 30. Nd3 Qc8 31. Rxc7 Qxc7 32. Nf4 Nxf4+ 33. gxf4 f5
34. Kg3 Kh7 35. Qe3 Qd6 36. Kf3 Qd5+ 37. Kg3 a4 38. Qd3 Qc6 39. bxa4 Qxa4 40.
Qb3 Qa6 41. Kf3 Qc6+ 42. Kg3 Qe4 43. Qd3 Qh1 44. Qc4 Qg1+ 45. Kf3 Qxh2 46. Ke3
Qh3+ 47. Kd2 Qh4 48. Ke3 Qe7 49. Kf3 Qd6 50. Ke3 h5 51. Kf3 h4 52. Kg2 Kh6 53.
e3 Qd5+ 54. Qxd5 exd5 55. Kh2 Kh5 56. f3 g5 57. fxg5 Kxg5 58. Kh3 f4 0-1

[Event "World Blitz 2015"]
[Site "Berlin GER"]
[Date "2015.10.14"]
[Round "16.75"]
[White "Seirawan, Yasser"]
[Black "Kovalev, Vladislav"]
[Result "0-1"]
[WhiteTitle "GM"]
[BlackTitle "GM"]
[WhiteElo "2620"]
[BlackElo "2546"]
[WhiteFideId "2000032"]
[BlackFideId "13504398"]
[EventDate "2015.10.13"]

1. c4 Nf6 2. Nc3 g6 3. e4 d6 4. d4 Bg7 5. Bd3 O-O 6. Nge2 Nc6 7. O-O Nd7 8. Be3
e5 9. d5 Nd4 10. Nb5 Nxe2+ 11. Bxe2 a6 12. Nc3 f5 13. exf5 gxf5 14. f4 exf4 15.
Bxf4 Ne5 16. Qd2 Bd7 17. h3 Qf6 18. Rf2 Rae8 19. Raf1 Ng6 20. Bh6 Qd4 21. Qxd4
Bxd4 22. Bxf8 Kxf8 23. Kh2 Bxf2 24. Rxf2 Kg7 25. Bd3 Ne5 26. Be2 Rb8 27. a4 Re8
28. Kg1 Ng6 29. Kf1 Re3 30. Ke1 Rg3 31. Kd2 Ne5 32. a5 Kg6 33. b3 h5 34. Kc2 h4
35. Bd1 f4 36. Ne2 Bf5+ 37. Kd2 Rd3+ 38. Ke1 f3 39. Nf4+ Kg5 40. Nxd3 Nxd3+ 41.
Kf1 Nxf2 42. Kxf2 fxg2 43. Kxg2 Kf4 44. Kh2 b6 45. axb6 cxb6 46. b4 a5 47. bxa5
bxa5 48. Ba4 Ke3 49. c5 dxc5 50. d6 c4 51. d7 Bxd7 52. Bxd7 c3 53. Ba4 Kd2 0-1

[Event "World Blitz 2015"]
[Site "Berlin GER"]
[Date "2015.10.14"]
[Round "16.76"]
[White "Richter, Michael"]
[Black "Shchekachev, Andrei"]
[Result "0-1"]
[WhiteTitle "GM"]
[BlackTitle "GM"]
[WhiteElo "2517"]
[BlackElo "2531"]
[WhiteFideId "4618920"]
[BlackFideId "4107730"]
[EventDate "2015.10.13"]

1. d4 g6 2. c4 Bg7 3. Nc3 d6 4. e4 Nd7 5. f3 a6 6. Be3 c6 7. a4 a5 8. Bd3 Ngf6
9. Nge2 O-O 10. O-O e5 11. d5 Nc5 12. Bc2 Ne8 13. dxc6 Nc7 14. cxb7 Nxb7 15. Qd2
Be6 16. b3 f5 17. Nb5 Ne8 18. Rad1 f4 19. Bf2 g5 20. c5 g4 21. fxg4 Qg5 22. h3
dxc5 23. Ng3 Rd8 24. Qe2 fxg3 25. Bxg3 Rxd1 26. Rxd1 c4 27. bxc4 h5 28. Qd2 Qxd2
29. Rxd2 hxg4 30. hxg4 Bxg4 31. Bf2 Bh6 32. Rd5 Bg7 33. c5 Be6 34. c6 Bxd5 35.
exd5 Nbd6 36. c7 Nxc7 37. Nxd6 Rb8 38. Nc4 Nxd5 39. Nxa5 Rb2 40. Bf5 Nc3 41. Nc4
Rb4 42. Be1 Kh8 43. Bxc3 Rxc4 44. Be1 Rxa4 45. Kf2 Rf4+ 0-1

[Event "World Blitz 2015"]
[Site "Berlin GER"]
[Date "2015.10.14"]
[Round "16.77"]
[White "Stern, Rene"]
[Black "Teske, Henrik"]
[Result "0-1"]
[WhiteTitle "GM"]
[BlackTitle "GM"]
[WhiteElo "2538"]
[BlackElo "2475"]
[WhiteFideId "4611799"]
[BlackFideId "4611500"]
[EventDate "2015.10.13"]

1. d4 g6 2. c4 Bg7 3. e4 c5 4. d5 d6 5. Bd3 Nd7 6. Ne2 Ne5 7. Nbc3 Nf6 8. O-O
O-O 9. h3 e6 10. f4 Nxd3 11. Qxd3 exd5 12. exd5 Bf5 13. Qf3 Re8 14. Ng3 Qd7 15.
Bd2 a6 16. Rae1 b5 17. Nxf5 gxf5 18. b3 b4 19. Nd1 Rxe1 20. Rxe1 Ne4 21. Be3 a5
22. Nf2 Nc3 23. Bd2 Nxa2 24. g4 Nc3 25. Qd3 a4 26. bxa4 Nxa4 27. gxf5 Nc3 28.
Kg2 Ra2 29. Ng4 h5 30. f6 hxg4 31. fxg7 gxh3+ 32. Kg3 h2 33. Rh1 Rxd2 34. Qe3
Qf5 0-1

[Event "World Blitz 2015"]
[Site "Berlin GER"]
[Date "2015.10.14"]
[Round "16.78"]
[White "Schmaltz, Roland"]
[Black "Choukri, Adel"]
[Result "0-1"]
[WhiteTitle "GM"]
[BlackTitle "CM"]
[WhiteElo "2504"]
[BlackElo "2199"]
[WhiteFideId "4614054"]
[BlackFideId "9000399"]
[EventDate "2015.10.13"]

1. e4 e6 2. d4 d5 3. Nc3 Bb4 4. e5 c5 5. a3 Bxc3+ 6. bxc3 Ne7 7. Nf3 Qa5 8. Bd2
Qa4 9. Qb1 a6 10. Qb3 Qc6 11. a4 O-O 12. Be2 Nd7 13. O-O b6 14. Rfb1 c4 15. Qa3
Ng6 16. h4 h5 17. g3 f6 18. exf6 Nxf6 19. Ng5 e5 20. dxe5 Nxe5 21. Be3 Rb8 22.
Bd4 Neg4 23. Bf3 Bf5 24. Re1 Rfe8 25. Rxe8+ Rxe8 26. Qb2 b5 27. axb5 Qxb5 28.
Qxb5 axb5 29. Rc1 Ne5 30. Bg2 Ne4 31. Nh3 Nd2 32. Bxd5+ Kh8 33. Ng5 Rf8 34. Bxe5 0-1

[Event "World Blitz 2015"]
[Site "Berlin GER"]
[Date "2015.10.14"]
[Round "16.79"]
[White "Pavlovic, Milos"]
[Black "Fedorchuk, Sergey A."]
[Result "0-1"]
[WhiteTitle "GM"]
[BlackTitle "GM"]
[WhiteElo "2481"]
[BlackElo "2635"]
[WhiteFideId "900389"]
[BlackFideId "14102536"]
[EventDate "2015.10.13"]

1. Nf3 Nf6 2. c4 b6 3. b3 c5 4. g3 Bb7 5. Bg2 g6 6. O-O Bg7 7. Bb2 O-O 8. e3 d6
9. d4 a6 10. Qe2 Nbd7 11. Rd1 Rb8 12. Nc3 Ne4 13. Rac1 Ndf6 14. d5 b5 15. Nxe4
Nxe4 16. Bxg7 Kxg7 17. Nd2 Nxd2 18. Qxd2 Bc8 19. e4 f6 20. h4 Bd7 21. Kh2 Qc8
22. Re1 a5 23. f4 Qc7 24. Rc2 bxc4 25. bxc4 Ba4 26. Rc3 Qb6 27. Re2 Qb1 28. Rc1
Qb4 29. Qe3 Bd7 30. e5 Bg4 31. Rf2 Rb7 32. Rcf1 Qxc4 33. h5 gxh5 34. Bh3 Qd4 35.
Qe1 Rb2 36. Bxg4 hxg4 37. Rxb2 Qxb2+ 38. Rf2 Qd4 39. Qe2 h5 40. exd6 exd6 41.
Rf1 Rf7 42. Qe6 Qd2+ 43. Kh1 c4 44. Qxd6 c3 45. Qc5 c2 46. d6 Rd7 47. Qf5 Rxd6 0-1

[Event "World Blitz 2015"]
[Site "Berlin GER"]
[Date "2015.10.14"]
[Round "16.80"]
[White "Rasmussen, Allan Stig"]
[Black "Tari, Aryan"]
[Result "0-1"]
[WhiteTitle "GM"]
[BlackTitle "IM"]
[WhiteElo "2498"]
[BlackElo "2521"]
[WhiteFideId "1406000"]
[BlackFideId "1510045"]
[EventDate "2015.10.13"]

1. c4 g6 2. Nc3 c5 3. Nf3 Bg7 4. d4 cxd4 5. Nxd4 Nc6 6. Nc2 Bxc3+ 7. bxc3 Qa5 8.
Bd2 d6 9. e4 Nf6 10. f3 O-O 11. Ne3 Ne5 12. Qb3 Bd7 13. h4 Rfc8 14. Nd5 Nxd5 15.
cxd5 Qc5 16. Qb4 Qxb4 17. cxb4 Rc2 18. Be2 Rac8 19. a3 a6 20. Rf1 Bb5 21. Rf2
Rb2 22. Bf4 Rxe2+ 23. Rxe2 Nd3+ 24. Kd1 Nxf4 25. Rd2 Nd3 26. g3 Ne5 27. f4 Nf3
28. Rf2 Rc3 29. Rc1 Ba4+ 0-1

[Event "World Blitz 2015"]
[Site "Berlin GER"]
[Date "2015.10.14"]
[Round "16.81"]
[White "Rabiega, Robert"]
[Black "Nielsen, Peter Heine"]
[Result "1/2-1/2"]
[WhiteTitle "GM"]
[BlackTitle "GM"]
[WhiteElo "2503"]
[BlackElo "2654"]
[WhiteFideId "4601475"]
[BlackFideId "1400355"]
[EventDate "2015.10.13"]

1. e4 g6 2. d4 Bg7 3. c3 d6 4. Bc4 e6 5. Bb3 Ne7 6. Nf3 b6 7. O-O Bb7 8. Re1 Nd7
9. Nbd2 O-O 10. Nf1 c5 11. Ng3 b5 12. h4 h6 13. Qe2 b4 14. Be3 a5 15. a4 Rc8 16.
Rac1 Nf6 17. Nd2 d5 18. dxc5 bxc3 19. bxc3 dxe4 20. Nc4 Ba6 21. Qa2 Bxc4 22.
Bxc4 Nf5 23. Nxf5 gxf5 24. Rcd1 Qc7 25. Be2 f4 26. Bc1 Nd5 27. Rxd5 exd5 28.
Qxd5 Rfe8 29. Bb5 Re5 30. Qd1 e3 31. fxe3 Qxc5 32. Qd4 fxe3 33. Qg4 Rd8 34. Kh2
Qxc3 35. Qg3 Rd6 36. Rxe3 Rxe3 37. Qxe3 Qxe3 38. Bxe3 Be5+ 39. Kh3 f5 40. g3 Kg7
41. Kg2 Rd1 42. Kf3 Ra1 43. Bb6 Ra3+ 44. Ke2 Bc3 45. Bc7 Kf6 46. Bd6 Ra2+ 47.
Kd3 Bb4 48. Bf4 h5 49. Be8 Ke6 50. Bxh5 Rxa4 51. Be8 Ra3+ 52. Kc4 Rc3+ 53. Kd4
Rc2 54. h5 Bd6 55. Be3 Rh2 56. h6 Bf8 57. Bb5 Bxh6 58. Bc4+ Kf6 59. Bg1 Rb2 60.
Kc3 Rb8 61. Ba7 Rh8 62. Bd4+ Kg5 63. Bxh8 Kg4 64. Be5 f4 65. gxf4 Bxf4 66. Bxf4
Kxf4 1/2-1/2

[Event "World Blitz 2015"]
[Site "Berlin GER"]
[Date "2015.10.14"]
[Round "16.82"]
[White "Sanal, Vahap"]
[Black "Ben Artzi, Ido"]
[Result "1-0"]
[WhiteTitle "IM"]
[BlackTitle "IM"]
[WhiteElo "2501"]
[BlackElo "2419"]
[WhiteFideId "6300545"]
[BlackFideId "2810913"]
[EventDate "2015.10.13"]

1. Nf3 d5 2. g3 Nf6 3. Bg2 g6 4. c4 dxc4 5. Na3 Bg7 6. Nxc4 O-O 7. O-O c5 8. d4
cxd4 9. Nxd4 Ng4 10. Nb5 Na6 11. Bf4 e5 12. Bd2 Qe7 13. Ncd6 Rd8 14. Bc3 Bd7 15.
Qa4 Qxd6 16. Bxb7 Bxb5 17. Qxb5 Nc7 18. Qa4 Rab8 19. Rad1 Qe6 20. Qxa7 Nb5 21.
Rxd8+ Rxd8 22. Qa5 Qd7 23. Bc6 Qxc6 24. Qxd8+ Bf8 25. Bb4 Nd6 26. h3 Nh6 27. e4
f6 28. Bxd6 Qxd6 29. Qxd6 Bxd6 30. a4 Nf7 31. a5 Nd8 32. Rd1 Bc7 33. a6 Bb6 34.
Rxd8+ Bxd8 35. a7 1-0

[Event "World Blitz 2015"]
[Site "Berlin GER"]
[Date "2015.10.14"]
[Round "16.83"]
[White "Petursson, Margeir"]
[Black "Lagunow, Raphael"]
[Result "1/2-1/2"]
[WhiteTitle "GM"]
[WhiteElo "2520"]
[BlackElo "2164"]
[WhiteFideId "2300028"]
[BlackFideId "24652644"]
[EventDate "2015.10.13"]

1. c4 e5 2. Nc3 Nc6 3. g3 g6 4. Bg2 Bg7 5. e3 d6 6. Nge2 f5 7. d3 Nf6 8. O-O O-O
9. Rb1 Be6 10. Nd5 Rb8 11. b3 Ne7 12. Nxf6+ Bxf6 13. Ba3 g5 14. f4 Ng6 15. Bb2
gxf4 16. exf4 c6 17. Qd2 Qc7 18. Rbc1 Rbd8 19. d4 Qg7 20. d5 Bd7 21. dxc6 Bxc6
22. Bd5+ Kh8 23. Rce1 Ne7 24. Bxc6 bxc6 25. Kh1 e4 26. Bxf6 Qxf6 27. Rc1 d5 28.
cxd5 Rxd5 29. Qc3 Qxc3 30. Nxc3 Rd2 31. Kg1 Rfd8 32. g4 fxg4 33. f5 e3 34. f6
Ng6 35. Ne4 Rxa2 36. Rfe1 Nh4 37. Rxe3 Nf3+ 38. Kf1 Nxh2+ 39. Kg1 Nf3+ 40. Kf1
Nh2+ 41. Kg1 Nf3+ 42. Kf1 h5 1/2-1/2

[Event "World Blitz 2015"]
[Site "Berlin GER"]
[Date "2015.10.14"]
[Round "16.84"]
[White "Seel, Christian"]
[Black "Ernst, Sipke"]
[Result "0-1"]
[WhiteTitle "IM"]
[BlackTitle "GM"]
[WhiteElo "2474"]
[BlackElo "2527"]
[WhiteFideId "4663098"]
[BlackFideId "1004689"]
[EventDate "2015.10.13"]

1. b3 f5 2. Bb2 Nf6 3. d3 d6 4. e4 e5 5. Nc3 Be7 6. g3 O-O 7. Bg2 c6 8. Nf3 Na6
9. Qe2 Kh8 10. O-O-O Qc7 11. d4 fxe4 12. Nxe4 Nxe4 13. Qxe4 Bf5 14. Qe1 e4 15.
Nd2 d5 16. f3 exf3 17. Nxf3 Nb4 18. Rd2 Bxc2 19. Ne5 Bg5 20. a3 Nd3+ 21. Nxd3
Bxd3 22. Bc3 Rae8 23. Qd1 Re2 24. Bf1 Qe7 25. Bxe2 Bxe2 26. Qc2 Qxa3+ 27. Kb1
Bxd2 28. Bxd2 Bf3 29. Bc1 Qe7 30. Ka2 Bxh1 31. Ba3 Qf7 32. Bxf8 Qxf8 33. Qd2 Be4
34. Qa5 Qb8 35. Qb4 h6 36. Qe7 a5 37. Ka3 Kg8 38. Qe6+ Kh7 39. Qe7 b5 40. h4 a4
41. Kb4 axb3 42. Kxb3 Qc8 43. Qe5 c5 44. dxc5 Qxc5 45. g4 Qc4+ 46. Kb2 b4 47.
Qh2 Qc3+ 48. Ka2 Qa3# 0-1

[Event "World Blitz 2015"]
[Site "Berlin GER"]
[Date "2015.10.14"]
[Round "16.85"]
[White "Kulon, Klaudia"]
[Black "Hasangatin, Ramil"]
[Result "1-0"]
[WhiteTitle "WGM"]
[BlackTitle "GM"]
[WhiteElo "2324"]
[BlackElo "2509"]
[WhiteFideId "1131044"]
[BlackFideId "4122160"]
[EventDate "2015.10.13"]

1. e4 d5 2. exd5 Qxd5 3. Nc3 Qd6 4. d4 Nf6 5. g3 c6 6. Bg2 Bf5 7. Nge2 e6 8. O-O
Be7 9. h3 h6 10. Bf4 Qd8 11. Qd2 Nbd7 12. Rae1 Nb6 13. b3 Bb4 14. Qc1 Nbd5 15.
Nxd5 cxd5 16. c3 Be7 17. g4 Bd3 18. Qd2 Ba6 19. Be5 O-O 20. f3 Rc8 21. Rf2 Qa5
22. Rc1 Rc6 23. b4 Qa3 24. Rb1 Bxe2 25. Rb3 Qa4 26. Rxe2 Rfc8 27. Re3 b5 28. Bf1
Nd7 29. Qb2 Nb6 30. Re1 Qa6 31. f4 Na4 32. Qg2 f6 33. g5 hxg5 34. fxg5 fxe5 35.
g6 Rxc3 36. Rxe5 Bf6 37. Re1 Bxd4+ 38. Kh1 Qd6 39. Qg4 e5 40. Qh5 e4 41. Bxb5
Nb6 42. Rf1 Bf6 43. Qh7+ Kf8 44. Rb2 Qg3 45. Rxf6+ 1-0

[Event "World Blitz 2015"]
[Site "Berlin GER"]
[Date "2015.10.14"]
[Round "16.86"]
[White "Vogel, Roven"]
[Black "Hovhannisyan, Mher"]
[Result "1/2-1/2"]
[BlackTitle "IM"]
[WhiteElo "2417"]
[BlackElo "2499"]
[WhiteFideId "12908088"]
[BlackFideId "13300865"]
[EventDate "2015.10.13"]

1. Nf3 Nf6 2. g3 d5 3. Bg2 e6 4. c4 Be7 5. O-O O-O 6. d4 c6 7. Nc3 a6 8. a4 a5
9. Bf4 Na6 10. Ne5 Nb4 11. e4 b6 12. Re1 Ba6 13. b3 Rc8 14. exd5 cxd5 15. Nb5
Nc6 16. Nxc6 Rxc6 17. Be5 Qd7 18. Bxf6 Bxf6 19. Qg4 dxc4 20. Bxc6 Qxc6 21. bxc4
Bb7 22. f3 Qxc4 23. Qf4 h6 24. Rec1 Qe2 25. Re1 Qc2 26. Nd6 Bd5 27. Ne4 Bxd4+
28. Kh1 Bxe4 29. Rac1 Bxf3+ 30. Qxf3 Qxa4 31. Rf1 e5 32. Rc7 Qa2 33. Ra7 Qe6 34.
Ra8 Rxa8 35. Qxa8+ Kh7 36. Qb7 f6 37. Qe4+ Kg8 38. Qa8+ Kf7 39. Qb7+ Kg6 40.
Qe4+ Kf7 41. Qb7+ Kg8 42. Qa8+ Kf7 1/2-1/2

[Event "World Blitz 2015"]
[Site "Berlin GER"]
[Date "2015.10.14"]
[Round "16.87"]
[White "Valdes Romero, Leonardo"]
[Black "Carstensen, Jacob"]
[Result "0-1"]
[WhiteTitle "IM"]
[BlackTitle "IM"]
[WhiteElo "2362"]
[BlackElo "2352"]
[WhiteFideId "6500331"]
[BlackFideId "1404180"]
[EventDate "2015.10.13"]

1. Nf3 d5 2. g3 c6 3. Bg2 Bg4 4. O-O Bxf3 5. Bxf3 e5 6. d3 Nd7 7. Bg2 Ngf6 8.
Nd2 Bc5 9. e4 h5 10. exd5 cxd5 11. c4 h4 12. cxd5 hxg3 13. hxg3 Nb6 14. Re1 O-O
15. Ne4 Be7 16. Nc3 Qd6 17. Qe2 Qb4 18. a3 Qb3 19. Qxe5 Rfe8 20. Bf4 Bc5 21. Qf5
Qxb2 22. Be5 Rxe5 23. Qxe5 Bxf2+ 24. Kh1 Bxe1 25. Qxe1 Re8 26. Qc1 Qf2 27. Qf4
Qc5 28. Ne4 Qd4 29. Nxf6+ Qxf6 30. Qxf6 gxf6 31. a4 Rd8 32. Rb1 Nxd5 33. Rxb7
Ne3 34. Be4 f5 35. Bf3 Rxd3 36. Rxa7 Nf1 37. Kg2 Nd2 38. Bh5 Ne4 39. Bxf7+ Kf8
40. Bc4 Rxg3+ 41. Kh2 Rc3 42. Bd5 Nd6 43. Rd7 Rc2+ 44. Kg3 Ne4+ 45. Kf4 Nc5 46.
Rc7 Nd3+ 47. Ke3 Rxc7 48. Kxd3 Ke7 0-1

[Event "World Blitz 2015"]
[Site "Berlin GER"]
[Date "2015.10.14"]
[Round "16.89"]
[White "Carow, Johannes"]
[Black "Carlstedt, Jonathan"]
[Result "1-0"]
[WhiteTitle "FM"]
[BlackTitle "IM"]
[WhiteElo "2431"]
[BlackElo "2442"]
[WhiteFideId "24692050"]
[BlackFideId "24614386"]
[EventDate "2015.10.13"]

1. d4 d5 2. c4 e6 3. Nc3 c5 4. cxd5 exd5 5. Nf3 Nc6 6. g3 Nf6 7. Bg2 Be7 8. O-O
O-O 9. dxc5 Bxc5 10. a3 Ne4 11. Qd3 Nxc3 12. Qxc3 Bb6 13. Rd1 d4 14. Qd3 Qf6 15.
Bg5 Qf5 16. Rac1 Re8 17. Qxf5 Bxf5 18. Nh4 Be4 19. Nf3 f6 20. Bd2 Rad8 21. Re1
g5 22. h4 g4 23. Nh2 h5 24. Nf1 f5 25. Bg5 Rd7 26. Nd2 Kf7 27. Kf1 Bxg2+ 28.
Kxg2 Ne5 29. Kf1 d3 30. b4 dxe2+ 31. Rxe2 Nd3 32. Rxe8 Kxe8 33. Rc8+ Kf7 34. Be3
Bxe3 35. fxe3 Ne5 36. Ke2 Re7 37. Rh8 Kg6 38. Rg8+ Kh7 39. Rg5 Nc6 40. Rxh5+ Kg6
41. Rg5+ Kf6 42. Nb3 b6 43. Rg8 Ne5 44. Rf8+ Kg6 45. Rg8+ Kf7 46. Ra8 Nc4 47.
Kd3 Nxe3 48. Nd4 Nf1 49. Nxf5 Re5 50. Rxa7+ Kf6 51. Nd4 Nxg3 52. Ra6 Nf1 53.
Rxb6+ Kf7 54. Rb7+ Kg6 55. Rb8 g3 56. Rg8+ Kf7 57. Rg4 Re3+ 58. Kc4 Rxa3 59.
Rf4+ Kg6 60. Rxf1 Kh5 61. b5 Kxh4 62. b6 Ra8 63. Nf3+ Kg4 64. Ng1 g2 65. Rb1 Kf5
66. b7 Rb8 67. Kc5 Ke6 68. Kc6 Ke7 69. Kc7 1-0

[Event "World Blitz 2015"]
[Site "Berlin GER"]
[Date "2015.10.14"]
[Round "16.90"]
[White "Camacho Collados, Jose"]
[Black "Berend, Elvira"]
[Result "1-0"]
[WhiteTitle "IM"]
[BlackTitle "WGM"]
[WhiteElo "2383"]
[BlackElo "2370"]
[WhiteFideId "2265427"]
[BlackFideId "4000510"]
[EventDate "2015.10.13"]

1. Nf3 Nf6 2. g3 d5 3. Bg2 g6 4. c4 c6 5. cxd5 cxd5 6. d4 Bg7 7. O-O O-O 8. Nc3
Ne4 9. Bf4 Nxc3 10. bxc3 Nc6 11. Nd2 b6 12. e4 e6 13. Qa4 Na5 14. Rac1 Ba6 15.
Rfd1 Rc8 16. Nb3 Bb7 17. Nxa5 bxa5 18. exd5 Bxd5 19. c4 Bxg2 20. Kxg2 Bxd4 21.
Be5 Bxe5 22. Rxd8 Rfxd8 23. Qxa5 Bd4 24. c5 Rd7 25. Qa6 Rdc7 26. c6 e5 27. h4 h5
28. Qb5 Kg7 29. Qd5 Kg8 30. Rc2 Re7 31. Qd6 Rec7 32. a4 Bb6 33. Qxe5 a5 34. Qb5
Rb8 35. Rb2 Ba7 36. Qxa5 Rbc8 37. Rb7 Rxc6 38. Qxa7 Rf6 39. Rb2 Rcc6 40. a5 Ra6
41. Qc7 Rfc6 42. Rb8+ Kg7 43. Qe5+ Rf6 44. Qe8 1-0